000 00511nam a2200157Ia 4500
008 210210b2005 xxu||||| |||| 00| 0 eng d
020 _a81 8069 208 6
082 _a001.51 GUPI
100 _aGUPTA (V S).
245 _aInternational communication: contemporary issues and trends in global information revolution.
260 _aNew Delhi
_bConcept Publishing Company.
_c2005
300 _a208
650 _aNWICO MacBride Commission IPR Right to communication
690 _aCommunication
906 _aSG04909
999 _c115861
_d115861